Mickey and the mayflower treasure (Record no. 3731)

MARC details
000 -LEADER
fixed length control field 00877nam a22002297a 4500
001 - CONTROL NUMBER
control field 3731
003 - CONTROL NUMBER IDENTIFIER
control field FISKH
005 - DATE AND TIME OF LATEST TRANSACTION
control field 20240425103156.0
008 - FIXED-LENGTH DATA ELEMENTS--GENERAL INFORMATION
fixed length control field 240425b cb ||||| |||| 00| 0 eng d
020 ## - INTERNATIONAL STANDARD BOOK NUMBER
International Standard Book Number 9772041315016
040 ## - CATALOGING SOURCE
Original cataloging agency FISKH
Language of cataloging eng
Transcribing agency FISKH
Modifying agency FISKH
082 ## - DEWEY DECIMAL CLASSIFICATION NUMBER
Classification number 741.5
100 ## - MAIN ENTRY--PERSONAL NAME
Personal name Pezzin, Giorgio
110 ## - MAIN ENTRY--CORPORATE NAME
Corporate name or jurisdiction name as entry element Disney
245 ## - TITLE STATEMENT
Title Mickey and the mayflower treasure
300 ## - PHYSICAL DESCRIPTION
Extent 67 pages :
Other physical details color illustrations ;
Dimensions 25 cm
490 ## - SERIES STATEMENT
Series statement Disney Literature Classics
Volume/sequential designation Book 25
520 ## - SUMMARY, ETC.
Summary, etc. Mickey and company keep the literary tradition alive with two new tales : in Mickey and the Mayflower Treasure, Mickey is privy to a plot by bandits to rob the pilgrims. In The Great Aunt who invented Jeans, you will discover the story behind a revolutionary item of clothing.
521 8# - TARGET AUDIENCE NOTE
Target audience note 660 <br/>
Source Lexile estimate
521 8# - TARGET AUDIENCE NOTE
Target audience note Q <br/>
Source Raz-Plus estimate
942 ## - ADDED ENTRY ELEMENTS (KOHA)
Source of classification or shelving scheme Dewey Decimal Classification
Koha item type Books
Suppress in OPAC No
Holdings
Withdrawn status Lost status Source of classification or shelving scheme Damaged status Not for loan Collection Home library Current library Shelving location Date acquired Total Checkouts Full call number Barcode Date last seen Copy number Price effective from Koha item type
    Dewey Decimal Classification     Juvenile Fiction Footprints International School Library Network Toul Kork Campus Footprints International School Library Network Toul Kork Campus   04/25/2024   PEZ 741.5 2024-0528 04/25/2024 1 04/25/2024 Books